[Event "Tata dagvierkamp"]
[Site "?"]
[Date "2017.01.16"]
[Round "1"]
[White "Witt, Rob"]
[Black "Janse, Paul"]
[Result "1/2-1/2"]
[WhiteElo "2198"]
[BlackElo "2137"]
[Annotator "Janse/Witt"]
[PlyCount "125"]
[EventDate "2017.??.??"]

{RW: Pas kort voor het begin zag ik met wie ik in groep 1B zat. Ik was niet zo
blij om met wit te beginnen tegen Paul. Ik heb al jaren niet meer naar de
Chigorin gekeken en Paul is een specialist.} 1. d4 d5 {Zoals ik al twee keer
eerder heb meegemaakt, werd ik op het laatste moment van groep 2 naar groep 1
gezet en zat ik ineens in een heel sterke groep, met behalve Rob twee spelers
met een rating van 2300. Ik baalde behoorlijk, 0 uit 3 leek op voorhand niet
onwaarschijnlijk. In de partij duurde het even voordat ik de negatieve
gedachten van me af wist te zetten.} 2. Bf4 {Zo'n beetje de enige tweede zet
van zwart waartegen Pc6 echt niet goed is.} c6 {RW: Hier was ik al 'out of
book'. Ik heb de laatste tijd alleen maar partijen gezien waar zwart een
opbouw met c5 speelt.} 3. e3 Qb6 4. Qc1 {RW: Die speelde ik zonder veel
nadenken en het is ook de meest gespeelde zet. In zijn 'Modern London System'
is echter Sedlak van mening dat wit b3 moet doen. Het idee is om een evt. Lf5
te beantwoorden met Ld3 en later met c2-c4-c5 op ruimtevoordeel te spelen.} Bf5
5. Nf3 e6 6. Nh4 {Niet naar gekeken en ik kreeg even het idee een bekende
onnauwkeurigheid te hebben gedaan. Maar de zet is in de database slechts één
keer gespeeld; Le2 is de normaalzet. RW: Van de ruim 100 partijen in de
database is dit maar één keer gespeeld. Dan zal het wel slecht zijn.} Bg6 {
Na 12 minuten.} (6... Be4 7. f3 Be7 (7... Bg6 {Is f3 nu een voordeel voor wit
of niet? Mij leek per saldo van wel.}) 8. fxe4 (8. Bg3 {Uiteindelijk de reden
dat ik het naliet.} g5 9. fxe4 gxh4 10. Bf4 {God weet wat ik hier heb gedacht.
Zwart wit een pion in een weliswaar wat onduidelijke stelling.}) 8... Bxh4+ 9.
g3 Be7 {leek me wel oké.}) 7. Nxg6 hxg6 8. Bd3 {RW: ?! De enige manier om op
voordeel te spelen was} (8. c4) 8... Nf6 9. O-O Nbd7 10. h3 c5 {Na zes minuten
(1.16-1.02) een zet waar ik tevreden over ben. Zwart staat achter in
ontwikkeling en wit heeft het loperpaar, en dan toch zo'n pionzet. Mijn
belangrijkste reden was om Ld6 te kunnen spelen.} 11. c3 {Standaardreactie,
vrijwel a tempo gespeeld. Zwart heeft nu geen problemen meer.} (11. c4 $5 {
leek me kritiek, maar lijkt niet voldoende.} cxd4 12. exd4 Qxd4 13. Rd1 Bc5 14.
Be3 Qh4 15. Bxc5 Nxc5 16. cxd5 Nxd3 17. Rxd3 Nxd5 18. Nc3 Rc8 19. Qd2 Nxc3 20.
Rxc3 Rxc3 21. Qxc3 O-O 22. Qc7 Qb4) 11... Bd6 {RW: Een prima zet. Zwart staat
al minstens gelijk.} 12. Bxd6 Qxd6 13. f4 c4 {Ik heb goede herinneringen aan
een partij tegen Marc Overeem, waarin ik dit in een vergelijkbare stelling ook
speelde.} ({RW: Terwijl Paul nadacht maakte ik me ernstig zorgen over} 13... g5
$5 14. fxg5 Rxh3 $5 15. Rf4 {only move. Volgens de engine kan zwart nu het
beste voortzetten met} Rh8 ({Ik was bezig te kijken naar} 15... Rh5 16. gxf6 g5
17. Rf3 (17. Qd1 $1) 17... Qh2+ 18. Kf2 g4 {maar toen deed Paul een andere zet
en was ik wel een beetje opgelucht.}) 16. gxf6 g5 17. Rf3 Qh2+ 18. Kf2 g4 19.
Rg3 Nxf6 {Je kan nog een tijdje verder analyseren maar zwart heeft meer dan
voldoende compensatie voor het stuk.}) 14. Bc2 b5 15. Nd2 (15. a3 {Beide
spelers onderschatten een paar zetten lang het belang van deze zet.}) 15... Rb8
(15... b4 $5 16. e4 $5 dxe4 17. Nxc4 (17. Nxe4 Nxe4 18. Bxe4 Rb8 {lijkt me
minimaal gelijk.}) 17... Qc7 $13) 16. Nf3 $6 (16. a3) 16... O-O (16... b4 {
Ik denk dat wit hier echt moet uitkijken. RW: Ik ben het volkomen met Paul
eens.}) 17. a3 a5 18. Ng5 Rfc8 19. Qd1 {Deze zet begreep en begrijp ik niet.
RW: Ik had hier nog het idee om mijn dame op f3 te zetten en evt. iets te
proberen met g4 en f5. Bij de volgende zet besefte ik echter dat dan pion c3
te zwak zou worden.} b4 {Nu is het minder sterk, vanwege de witte a-lijn en
het feit dat c3 daardoor moeilijker aan te vallen is.} 20. axb4 axb4 21. Qd2
Rc7 22. Ra5 b3 {Verovert de a-lijn, maar b2 is nog moeilijker aan te vallen
dan c3. Tijd: 40-33. RW: Hier was ik wel blij mee omdat mijn pion b2 nu minder
zwak is dan mijn pion op c3 na ruil.} 23. Bd1 Qb6 24. Ra1 Ra7 25. Rb1 {RW: Dit
leek me beter dan een stel torens ruilen. Stockfish is het niet met me eens.}
Ne4 {Niet slecht maar ook niet nodig.} (25... Qc6) (25... Rba8) 26. Nxe4 dxe4
27. g4 Nf6 28. Qg2 Qb5 $2 {Na 5 minuten (33-19) een psychologisch interessante
blunder.} (28... Qc6 29. g5 Ne8 30. h4 {leek me niet zo prettig, maar er is
niets aan de hand.} Nd6 31. h5 gxh5 32. Bxh5 $11) ({RW: Kennelijk kan zwart
volgens de engine mijn dreiging negeren met} 28... Ra2 $1 {Als ik nu mijn
dreiging uitvoer met} 29. g5 Nd5 30. Qxe4 {dan gaat zwart verder met} Qa5 {
en offert vervolgens zijn paard op c3. Een briljant concept.}) 29. g5 Nh5 30.
Bxh5 (30. Qxe4 Ng3 {had ik gezien; hij kon dus niet op e4 nemen.}) 30... gxh5
31. Qxe4 {Maar de combinatie van beide ideeën is wel erg!} (31. g6 fxg6 32.
Qxg6 Qf5 {had ik ook gezien; Lxh5 is dus niet erg. RW: Deze stelling lijkt me
toch wel makkelijker spelen voor wit na} 33. Qg2 {gevolgd door Kh2, Tg1, De2
enz.}) 31... Qf5 32. Qf3 {Minder tijd, een kansloze pion achter... Ik overwoog
heel even om op te geven.} (32. Qxf5 {geeft natuurlijk ook goede kansen. RW:
Ik heb dameruil geen seconde overwogen maar achteraf lijkt me dit betere
kansen te bieden dan de partijvoortzetting. Bijv. na} exf5 33. Kf2 Re8 34. Kf3
Kf8 35. Rfe1 {kan wit e4 doorzetten en als zwart dit verhindert dan pakt wit
de a-lijn.}) 32... g6 33. e4 Qb5 34. h4 $2 {Van deze verzwakking van g4 krijgt
wit later een beetje last. RW: Paul heeft groot gelijk. Ik speelde dit zonder
nadenken omdat ik hier nog dacht dat ik het van f4-f5 moest hebben en dan is
het prettig als pion g5 gedekt is. Het gat op g4 bleek inderdaad heel
vervelend.} Rba8 35. Qe2 ({RW: Ik had hier natuurlijk een tijdje gekeken naar} 
35. f5 {maar het levert niks op na} exf5 36. exf5 Qxf5 37. Qxf5 gxf5 38. Rxf5
Re8 {en zwart krijgt teveel aktiviteit.}) 35... Re8 {In het vervolg doe ik er
alles aan om de pionzetten d5 en f5 te verhinderen dan wel ontmoedigen. In elk
geval leek het me belangrijk dat wit na d4-d5 niet met een toren op d5 kan
terugslaan.} 36. Rbd1 Ra2 37. Rd2 Qa6 38. Kg2 Qc6 39. Rfd1 {RW: Inmiddels
begon ik door te krijgen dat ik alleen maar iets kon bereiken met de opmars d5
als ik kan terugslaan met Txd5. Met de pion geloofde ik niet in omdat ik
teveel last heb van mijn koningsstelling. Paul weet dit echter knap te
verhinderen.} Qc8 40. Kg3 (40. d5 exd5 41. Rxd5 Qg4+ $1) 40... Kg7 {Tijd:
21-10.} 41. Qf3 Rd8 42. Rf2 (42. d5 {Dit kan ook later nog op diverse momenten.
Veel risico loopt wit niet. Maar volgens Rob, die ik er de volgende dag over
sprak, had zwart hoe dan ook steeds (genoeg?) tegenspel.} exd5 43. exd5 {
Met een pion op h3 wint dit makkelijk, maar nu moet de dame g4 in de gaten
blijven houden.} Rd6 (43... Qf5 44. d6) ({RW: Volgens mij moet zwart mijn
vrijpion niet met de toren blokkeren maar vooralsnog met de dame. De torens
moeten zoveel mogelijk aktief worden en zomogelijk de pion vanaf de zijkant
aanvallen. Daarom beginnen met} 43... Re8 44. d6 Qd7 {En ik zie niet goed hoe
wit zijn voordeel kan vergroten.}) 44. Re1 {Maar ook dit biedt uitstekende
winstkansen.}) 42... Qc7 43. Kg2 Qb7 44. Rdd2 Ra5 45. Rf1 Qa8 46. Qe2 Re8 47.
Kg3 Qc8 48. Rfd1 Qb7 (48... Ra2 {Deze stelling stond ook na de 40e op het bord.
Ik besloot me niet met zetherhalingen bezig te houden, veel te moeilijk. Wel
hield ik de 50-zettenregel in de gaten: laatste pionzet op zet 34.}) 49. Qf3
Ra2 50. Qe2 Ra5 {Zelfde als na zet 48.} 51. Kf3 ({RW: Ik vraag me af hoe groot
het voordeel is na} 51. Qxc4 $5 Qxe4 52. Qd3 {Met de toren op a2 was dit niet
mogelijk.} (52. Qe2 Qf5) 52... Qxd3+ {Als zwart geen dames ruilt volgt c4.} 53.
Rxd3 {Dit ziet er op het eerste gezicht toch heel goed uit.}) 51... Qc8 52. Kg3
Ra2 {Zelfde als na zet 40.} 53. Qf3 Rd8 {Ook deze hebben we dus al gehad.} (
53... Qb7 {Zelfde als na zet 49.}) 54. Rf1 Ra5 55. Rdf2 Qc7 56. Kg2 Qc8 57. Qd1
Qa8 58. Qe2 Re8 59. Rf3 Qc8 60. Re3 Ra2 61. Rf2 Ra5 62. Qd1 (62. f5 $5 {
was een interessante poging.} exf5 63. exf5 Rxe3 (63... Qc6+ $2 {was ik van
plan.} 64. Qf3) (63... Qa8+ $5 {Nu kan Df3 niet omdat de dame gedekt staat.})
64. Qxe3 Qc6+ {is ook niet erg duidelijk.} (64... Rxf5 65. Rxf5 Qxf5 (65...
gxf5 66. d5 $18) 66. Qe5+ {Hier was ik bang voor, en terecht.} Qxe5 (66... Kf8
67. Qxf5 gxf5 68. Kf3) 67. dxe5 Kf8 68. Kf3 Ke7 69. Ke3 $1 {Na dit
vernietigende driehoekje kan zwart opgeven.} (69. Ke4 Ke6 70. Kd4 Kf5 71. Kxc4
Kg4 72. Kb5 (72. Kxb3 Kxh4 73. c4 Kxg5 {en hier wint zwart!}) 72... Kxh4 73. c4
Kxg5 74. c5 h4 75. c6 h3 76. c7 h2 77. c8=Q h1=Q $13) 69... Ke6 (69... Kd7 70.
Kd4) 70. Ke4)) 62... Qd7 63. Qe2 {En Rob bood remise aan. Inmiddels had hij
zelfs iets minder tijd. RW: De andere partij tussen Menno Okkes en Harold van
Dijk werd op briljante wijze (voorzover ik zag) gewonnen door Harold.} 1/2-1/2

[Event "Tata dagvierkamp"]
[Site "?"]
[Date "2017.01.17"]
[Round "2"]
[White "Witt, Rob"]
[Black "Okkes, Menno"]
[Result "1/2-1/2"]
[WhiteElo "2198"]
[BlackElo "2312"]
[Annotator "Witt"]
[PlyCount "40"]
[EventDate "2017.??.??"]

{Menno Okkes speelt Slavisch en Nimzoïndisch. Ik was in eerste instantie
Katalaans van plan, maar 's morgens besloot ik toch maar de Nimzo met 4.Dc2 te
bestrijden, geïnspireerd door de recente successen van Michael Wunnink. Menno
had de eerste ronde verloren dus die zal vandaag ongetwijfeld willen winnen.} 
1. d4 Nf6 {Menno was bijna 20 minuten te laat door een stroomstoring waardoor
de NS problemen had.} 2. c4 e6 3. Nc3 Bb4 4. Qc2 c5 5. dxc5 O-O 6. Nf3 {
Deze zet wordt minder vaak gespeeld maar is de laatste jaren populair.} Na6 7.
g3 ({Menno had mijn knsb-partij tegen Dharma Tjiam gezien. Daar speelde ik} 7.
Bd2 {waarna het binnen 15 zetten remise werd en ik mij naar een kroeg spoedde
om de kampioenswedstrijd Ajax-Twente te zien.}) 7... Nxc5 8. Bg2 b6 {Zo
speelde Tjark Vos dit seizoen tegen Wunnink. Het lijkt me de beste zet.} (8...
Nce4 9. O-O Nxc3 10. bxc3 Be7 11. e4 {is vaker voorgekomen, o.a. dit seizoen
in Wunnink-Scholl.}) 9. O-O Bb7 10. Nb5 Be4 11. Qd1 Nb7 {Allemaal voorgekomen
in Wunnink-Vos.} 12. Bf4 {Na een kwartier besloot ik toch maar Michael te
volgen.} ({Bij mijn korte voorbereiding had ik 's ochtends een partij van
Menno gezien. Daar volgde} 12. a3 Be7 13. Bf4 a6 ({Toen ik tijdens de partij
over deze stelling nadacht kreeg ik het idee dat} 13... Rc8 {beter was en ik
besloot van deze variant af te zien.}) 14. Nc3 Bc6 15. b4 Rc8 16. Qb3 ({
Tijdens mijn voorbereiding had ik besloten om hier af te wijken met} 16. Qd3 $5
) 16... Nd6 $1 17. Bxd6 Bxd6 18. Rac1 Ba8 19. Nd2 {1/2-1/2 (19) De Jong,J 
(2453)-Okkes,M (2336) Netherlands 2016}) 12... a6 ({Veel beter dan} 12... d5 {
wat Tjark Vos tegen Michael deed.}) 13. Nd6 Bxd6 14. Bxd6 Nxd6 15. Qxd6 Qb8 16.
Rfd1 {Deze stelling noemde Michael ook in zijn analyse. Het staat gelijk.} Qb7
17. Bf1 Bxf3 18. exf3 Rac8 19. f4 Rc6 20. Qd3 (20. Bg2 Rxd6 21. Bxb7 Rxd1+ 22.
Rxd1 Rb8 {is ook niks voor wit.}) 20... Rc7 {Hier bood Menno remise aan. Ik
zag geen reden om te weigeren en ik had veel meer zin om naar de grootmeesters
te gaan kijken.} 1/2-1/2

[Event "Tata dagvierkamp"]
[Site "?"]
[Date "2017.01.18"]
[Round "3"]
[White "Van Dijk, Harold"]
[Black "Witt, Rob"]
[Result "1/2-1/2"]
[WhiteElo "2274"]
[BlackElo "2198"]
[Annotator "Witt"]
[PlyCount "75"]
[EventDate "2017.??.??"]

{Bij het ingaan van de laatste ronde stond Harold op kop met 1½-2. Zelf was
ik blijven steken op twee remises, zodat ik moest winnen om hem te passeren.
Ik had niks voorbereid want Harold speelt van alles. Helaas had ik geen enkele
partij van hem tegen het Frans gevonden.} 1. e4 e6 2. Nf3 d5 3. e5 c5 4. b4 {
Ik kan me niet herinneren wanneer ik voor het laatst tegen dit gevaarlijke
gambiet gespeeld heb en mijn kennis is ook weggeëbt.} cxb4 ({Ik wist nog dat} 
4... c4 {een minder riskante speelwijze is die door sommige auteurs wordt
aanbevolen. Ik besloot echter voor de principiële aanpak te kiezen.}) (4... d4
{Bekend o.a. van Boersma-Kortchnoi, heb ik wel eens tegen Gertjan vd Hoeven
gespeeld.}) ({En} 4... b6 {speelt Georg Meier, een specialist in het Frans.})
5. a3 Nc6 6. axb4 Bxb4 7. c3 Be7 8. d4 a6 ({De andere aanpak met} 8... f6 {
heb ik ook wel eens gespeeld.}) 9. Bd3 Bd7 {Paul Janse vertelde me na afloop
dat Harold deze variant ook tegen hem gespeeld had in Tata Steel 2014. Die
partij had ik destijds wel gezien maar totaal vergeten.} 10. h4 ({Tegen Paul
speelde Harold} 10. O-O {Er volgde} Na5 11. Ng5 $6 Bxg5 12. Bxg5 Qxg5 13. Rxa5
Qd8 {en zwart had niks te klagen.}) 10... h6 {Misschien niet nodig maar ik had
geen zin om een paard op g5 toe te laten.} 11. Rh3 Rc8 12. Rg3 Bf8 {Ik had
inmiddels bijna een half uur verbruikt terwijl Harold alles vrijwel a tempo
had gespeeld. Hier begon hij gelukkig een kwartiertje na te denken.} 13. Qd2
Na5 ({Ik vond het lastig kiezen tussen de tekstzet en} 13... Na7 {wat er ook
goed uitziet.}) 14. Qf4 {A tempo de zet die ik verwachtte.} Ne7 (14... Nb3 {
leek me niet zo zinvol omdat ik na} 15. Ba3 $1 {toch niet de toren kan slaan.}
Nxa1 $4 16. Qxf7+ Kxf7 17. Bg6#) 15. Nfd2 Nf5 16. Bxf5 {Na een kwartier. Dat
doe je natuurlijk niet graag, maar het is moeilijk om een beter plan aan te
geven.} exf5 17. Ba3 $2 {Dat blijkt niet goed te zijn maar dat is moeilijk te
zien.} (17. h5) 17... Be6 {Die deed ik zonder veel nadenken. Ik was eigenlijk
heel tevreden met mijn stelling.} ({De engine is razend enthousiast over het
verrassende} 17... g5 $1 {Geen seconde overwogen. Zwart gaat ten koste van
zijn pluspion Th8 aktiveren.} 18. hxg5 hxg5 19. Rxg5 (19. Qxg5 Qxg5 20. Rxg5
Bh6 {is ook geen pretje.}) 19... Qb6 {en niet wit, maar zwart heeft
gevaarlijke aanval. Achteraf heel logisch maar je moet maar op het idee komen.}
) 18. Bxf8 Kxf8 19. h5 Qb6 20. Ra4 {Na 10 minuten.} Nc6 {Na een kwartier. Ik
was ervan overtuigd dat ik heel goed stond, maar ik kon geen concrete aanpak
vinden om mijn voordeel te vergroten.} 21. Ra3 {Na 10 minuten.} Na5 {Ik wilde
een keer de zetten herhalen.} ({Ik zag geen vervolg na} 21... Qb2 22. Kd1) 22.
Qf3 ({Hmm, geen} 22. Ra4 {Zou hij ook nog op winst spelen?}) 22... Kg8 23. Qd3
Nc4 {Ik heb hier nog 18 minuten en Harold een half uur.} 24. Rb3 Qc7 25. f4 Kh7
26. Nf3 Qe7 $2 {A tempo een onhandige zet om Ph4 te verhinderen. Maar dat kan
met Dd7 beantwoord worden.} ({Veel beter is} 26... a5 {bijv.} 27. Nh4 Qd7 28.
Rh3 a4 29. Rb4 b5 30. g4 g6 {en zwart moet goed staan, al blijft het spannend.}
) 27. Rh3 g6 $2 {Overziet een kleinigheid.} (27... Rhf8 28. g4 Kh8 29. gxf5 Bd7
{is nog steeds beter voor zwart.}) 28. hxg6+ fxg6 29. Ng5+ {Tja, ik heb nog
geluk dat ik niet slechter kom te staan.} Kg8 30. Nxe6 Qxe6 31. Rxb7 Qc6 $13
32. Qg3 {Harold wil remise maken om de eerste plaats veilig te stellen, want
Paul Janse stond inmiddels slecht tegen Menno Okkes.} ({Tijdens de partij was
ik even bang voor} 32. Rg3 {maar zwart kan gewoon slaan.} Qxb7 33. Rxg6+ Kh7 $1
34. Qxf5 Ne3 $1 35. Rb6+ (35. Qd3 Qb5 $19) 35... Nxf5 $19) 32... Qxb7 ({
Ik had geen zin meer in een winstpoging met} 32... Ra8) 33. Qxg6+ Qg7 34. Qe6+
Kh7 35. Qxf5+ Qg6 36. Qd7+ Qg7 37. Qf5+ Qg6 38. Qd7+ {Eindstand: 1. Harold van
Dijk 2-3, 2/3 Rob Witt en Menno Okkes 1½-3 en 4.Paul Janse 1-3.} 1/2-1/2

[Event "Caissa intern 2016-2017"]
[Site "?"]
[Date "2017.02.21"]
[Round "2.6"]
[White "Witt, Rob"]
[Black "Ozatas, Okan"]
[Result "1/2-1/2"]
[WhiteElo "2202"]
[BlackElo "2061"]
[Annotator "Witt"]
[PlyCount "86"]
[EventDate "2017.??.??"]

{Al weer de 6e ronde van de 2e cyclus maar voor mij de eerste partij. Okan kan
een gevaarlijke speler zijn. Ik herinner me dat hij in de eerste cyclus o.a.
van Juan de Roda won en ik zie dat hij twee weken geleden won van Piet van der
Weide. Ik was een dag eerder teruggekomen van Curacao en laten we het er maar
op houden dat ik nog last had van een jetlag. Ik kreeg van Okan een pion
cadeau maar ik bakte er daarna niet veel van en mocht uiteindelijk blij zijn
met remise.} 1. Nf3 c5 2. c4 Nc6 3. d4 cxd4 4. Nxd4 Nf6 5. Nc3 g6 6. e4 d6 7.
Be2 Bg7 8. Be3 O-O {Via zetverwisseling een Siciliaanse Maroczy.} 9. Qd2 ({
Nauwkeuriger is} 9. O-O {wat ik vele malen gespeeld heb.}) 9... Ng4 10. Bxg4
Bxg4 11. O-O Rc8 12. b3 a6 13. Rac1 b5 $2 {Geeft na lang nadenken een pion weg.
} 14. Nxc6 Rxc6 15. cxb5 axb5 16. Nxb5 Qd7 ({Okan zei na afloop dat zijn
oorspronkelijke bedoeling was} 16... Rxc1 {waarna hij alleen maar zag} 17. Qxc1
$2 ({Wit speelt natuurlijk} 17. Rxc1 $16) 17... Be2 {met kwaliteitswinst.}) 17.
Rxc6 $6 {Na 7 minuten.} ({Veel beter was} 17. a4 {waar ik wel naar gekeken heb,
maar om onduidelijke redenen verworpen. In het vervolg kan ik op diverse
momenten a4 spelen, maar ik laat het voortdurend na.}) 17... Qxc6 18. Nd4 Qa6 (
{Iets beter leek me} 18... Qb7 {om druk op e4 te houden.}) 19. Rc1 Ra8 20. Rc2
$2 {Een ? omdat ik hem a tempo speelde en omdat er een betere zet was.} ({
Stockfish geeft} 20. h3 Bd7 21. Rc7 Be8 22. a4 {wat er inderdaad veel beter
uitziet.}) 20... Bd7 21. f3 Qb7 22. Ne2 {Ik dacht na afloop dat dit fout was,
maar dat is niet het geval.} f5 23. Qd5+ $6 {Na 10 minuten.} ({Ten onrechte
verwierp ik} 23. Ng3 {wegens} h5 24. exf5 h4 {maar wit staat heel goed na} 25.
Ne4 Bxf5 26. Rc7 {Die moet je dan wel zien, maar anders is Tc4 ook beter voor
wit.}) 23... Qxd5 24. exd5 Kf7 25. Kf2 $6 {Ik zag niks beters.} (25. a4 $1 {
met als idee} Ra5 26. Rd2 Bc8 27. Bb6) 25... h6 $6 (25... Ra5 26. Rd2 Bc8 27.
a4 Bb7 28. Nf4 Bh6 29. Rb2 Bxf4 30. Bxf4 Bxd5 31. Bd2 {met onduidelijke
stelling.}) 26. f4 $6 {Weer vrijwel a tempo.} Ra5 27. Rd2 Bc8 28. Rc2 {Na ruim
een kwartier.} ({Aangewezen was opnieuw} 28. a4 Bb7 {en nu bijv.} 29. g3 Rxd5
30. b4 {met spannende stelling.}) 28... Bb7 29. Bd4 Bxd4+ 30. Nxd4 Bxd5 31. g3
Be4 32. Rb2 e5 33. Ne2 g5 {Ik begon me hier een beetje zorgen te maken. Wit
nog 20 minuten, zwart 12 minuten.} 34. Ke3 $6 (34. a4 $13 {Het begint eentonig
te worden.}) 34... Ke6 35. h4 $2 {Na 5 minuten.} (35. a4 d5 36. fxe5 Kxe5 37.
Rd2 Ra6 38. Nd4 f4+ 39. gxf4+ gxf4+ 40. Kf2 {lijkt nog te gaan.}) 35... gxf4+
$1 {Na 5 minuten.} 36. gxf4 d5 $6 ({Beter eerst de toren aktiveren.} 36... Ra8
$1) 37. fxe5 $2 {Ik dacht dat ik d5-d4 niet mocht toelaten, maar nu kom ik
slecht te staan.} ({Stockfish vindt het nog niet zo duidelijk na} 37. Kd2)
37... Kxe5 38. Rd2 Ra8 39. Nf4 Rc8 $2 {Okan had inmiddels nog 4 minuten en ik
een kwartier.} ({Ik was terecht bang voor} 39... Rg8 40. Nd3+ Bxd3 41. Kxd3
Rg3+ 42. Ke2 d4 {en ik taxeerde dit als gewonnen voor zwart.}) 40. Ng6+ Kf6 41.
Nf4 Ke5 42. Ng6+ Kf6 ({Zwart zou het nog kunnen proberen met} 42... Kd6 43. Kd4
Rc1 {maar Okan durfde dit niet aan met zo weinig tijd.}) 43. Nf4 Ke5 {En
opgelucht claimde ik remise.} 1/2-1/2